| 000 | 00368nam a2200145Ia 4500 | ||
|---|---|---|---|
| 008 | 210210b1959 xxu||||| |||| 00| 0 eng d | ||
| 082 | _a574.192 WHIP | ||
| 100 | _aWHITE (Abraham) and others. | ||
| 245 | _aPrinciples of biochemistry. | ||
| 250 | _a | ||
| 260 |
_aNew York. _bMcGraw hill book co. _c1959 |
||
| 300 | _a1149 | ||
| 690 | _aBiochemistry | ||
| 906 | _a046080 | ||
| 999 |
_c95368 _d95368 |
||